| 000 | 00339nam a2200133Ia 4500 | ||
|---|---|---|---|
| 008 | 240624s9999 xx 000 0 und d | ||
| 041 | _aeng | ||
| 082 | _a658.406 KOT | ||
| 100 | _aKOTTER JOHN | ||
| 245 | _aOUR ICEBERG IS MELTING CHANGING AND SUCC | ||
| 260 |
_c2006 _alondon _bSt. Martin's Press |
||
| 300 | _a160 : p. | ||
| 365 |
_cBPS _b28 |
||
| 999 |
_c22330 _d22330 |
||